[Event "Groningen PCA"]
[Site "Groningen"]
[Date "1993.??.??"]
[Round "10"]
[White "Sokolov, Ivan"]
[Black "Alterman, Boris"]
[Result "1-0"]
[WhiteElo "2610"]
[BlackElo "2585"]

1.d4 Nf6 2.c4 g6 3.Nc3 d5 4.cxd5 Nxd5 5.e4 Nxc3 6.bxc3 Bg7 7.Bb5+ c6 8.Ba4 b5
9.Bb3 b4 10.Bb2 bxc3 11.Bxc3 Na6 12.Qd2 O-O 13.Nf3 Nc7 14.O-O Nb5 15.Ba5 Qd7
16.e5 e6 17.Rac1 Bb7 18.Rfd1 Nc7 19.Qe2 Ba6 20.Qc2 Nd5 21.Ng5 Nf4 22.Rd2 c5
23.Qe4 Ne2+ 24.Rxe2 Bxe2 25.Qxe2 cxd4 26.Rc7 d3 27.Rxd7 dxe2 28.f4 Rad8 29.Rxd8 Rxd8
30.Kf2 Rd4 31.g3 h6 32.Ke3 Rd1 33.Kxe2 Rb1 34.Ne4 Bf8 35.Be1 Be7 36.Nd6 Bd8
37.g4 Kg7 38.h4 Bb6 39.h5 gxh5 40.gxh5 Bd4 41.Ne8+ Kf8 42.Nf6 Kg7 43.Ng4 Bb6
44.Nf2 Rb2+ 45.Kf3 a5 46.Nd3 Rh2 47.Bf2 Bd8 48.Kg4 Rh1 49.Bc4 Rb1 50.Be1 Rb8
51.f5 exf5+ 52.Kxf5 Rb1 53.Bb3 Ra1 54.Ke4 Kg8 55.Kd5 Bc7 56.Bd2 Rh1 57.Kc6 Bd8
58.Kd7 Bg5 59.Bxa5 Rxh5 60.Ke8 Rh3 61.Bxf7+ Kh7 62.Be6 Rh2 63.Bd5 Kg7 64.e6 Re2
65.Bc3+ Kg6 66.Kd7 Kf5 67.Bb4 Re3 68.Nb2 Re2 69.Nc4 Kf4 70.Bd2+  1-0

[Event "Groningen op"]
[Site "Groningen"]
[Date "1993.??.??"]
[Round "10"]
[White "Neverov, Valeriy"]
[Black "Mikhalevski, Victor"]
[Result "1-0"]
[WhiteElo "2535"]
[BlackElo "2380"]

1.d4 Nf6 2.c4 g6 3.Nc3 d5 4.cxd5 Nxd5 5.e4 Nxc3 6.bxc3 Bg7 7.Bc4 c5 8.Ne2 Nc6
9.Be3 cxd4 10.cxd4 Qa5+ 11.Bd2 Qd8 12.Be3 Qa5+ 13.Bd2 Qd8 14.Bc3 O-O 15.O-O Bd7
16.Rb1 Na5 17.Bd3 Rc8 18.Qd2 Nc4 19.Bxc4 Rxc4 20.Rxb7 Bc6 21.Ba5 Qa8 22.Rc7 Rc8
23.Rxc8+ Qxc8 24.e5 Bd5 25.f3 Ra4 26.Nc1 e6 27.Bb4 Bh6 28.Qxh6 Rxb4 29.Qd2 Ra4
30.Nb3 Qa6 31.Nc5 Rxa2 32.Qg5 Qc8 33.Rc1 Qc7 34.h4 Bc6 35.h5 h6 36.Qxh6 gxh5
37.Qg5+ Kf8 38.Qxh5 Kg8 39.Qg5+ Kh7 40.Qh5+ Kg7 41.Qh4 Kg8 42.Kh2 Kg7 43.Kg3  1-0

[Event "Gyula"]
[Site "Gyula"]
[Date "1993.??.??"]
[Round "3"]
[White "Gross, Stefan"]
[Black "Bajusz, Gyorgy"]
[Result "1-0"]
[WhiteElo "2330"]
[BlackElo "2240"]

1.d4 Nf6 2.c4 g6 3.Nc3 d5 4.cxd5 Nxd5 5.e4 Nxc3 6.bxc3 Bg7 7.Be3 c5 8.Qd2 cxd4
9.cxd4 Nc6 10.Nf3 Qa5 11.Qxa5 Nxa5 12.Rc1 O-O 13.Be2 e6 14.Bd2 Nc6 15.d5 exd5
16.exd5 Nd4 17.Nxd4 Bxd4 18.O-O Rd8 19.Rfd1 Be5 20.Bb4 Bd6 21.Bxd6 Rxd6 22.Rc7 Bf5
23.Rxb7 Be4 24.Rb4 Re8 25.Bf1 Bc2 26.Rd2 Bf5 27.f3 Red8 28.Bc4 Bd7 29.Kf2 Rc8
30.Bb3 a5 31.Rc4 Rb8 32.Ke3 Bb5 33.Rf4 Rbd8 34.Rfd4 Rc8 35.Rc2 Rxc2 36.Bxc2 f5
37.Kf4 Kf7 38.Ke5 Ke7 39.Ba4 Bf1 40.g3 Ba6 41.Bc6 g5 42.Ra4 Be2 43.Rxa5 Rh6
44.d6+  1-0

[Event "Gyula"]
[Site "Gyula"]
[Date "1993.??.??"]
[Round "7"]
[White "Almasi, Istvan"]
[Black "Bajusz, Gyorgy"]
[Result "1-0"]
[WhiteElo "2400"]
[BlackElo "2240"]

1.d4 Nf6 2.c4 g6 3.Nc3 d5 4.cxd5 Nxd5 5.e4 Nxc3 6.bxc3 Bg7 7.Bb5+ Bd7 8.Be2 c5
9.Nf3 Nc6 10.O-O cxd4 11.cxd4 O-O 12.Rb1 b6 13.d5 Na5 14.h3 e6 15.Bg5 Bf6
16.Bh6 Bg7 17.Bg5 Bf6 18.Bh6 Bg7 19.Bxg7 Kxg7 20.Qd4+ Kg8 21.d6 Nc6 22.Qb2 e5
23.Nxe5 Nxe5 24.Qxe5 Re8 25.Qf4 Rc8 26.e5 Rc5 27.Bc4 Be6 28.Bb5 Bd7 29.Bc4 Be6
30.Bb5 Bd7 31.Bxd7 Qxd7 32.Rfe1 Qe6 33.Rbd1 Qxa2 34.d7  1-0

[Event "Wichern op"]
[Site "Hamburg"]
[Date "1993.??.??"]
[Round "1"]
[White "Von Herman, Ulf"]
[Black "Haar, Wolfgang"]
[Result "1-0"]
[WhiteElo "2280"]
[BlackElo "1815"]

1.d4 Nf6 2.c4 g6 3.Nc3 d5 4.cxd5 Nxd5 5.e4 Nxc3 6.bxc3 Bg7 7.Bc4 O-O 8.Be3 c5
9.Ne2 cxd4 10.cxd4 Qa5+ 11.Kf1 Nc6 12.Rc1 Bd7 13.f3 Rac8 14.Kf2 e6 15.h4 Ne7
16.h5 Bb5 17.Bxb5 Qxb5 18.hxg6 hxg6 19.Bh6 Rxc1 20.Qxc1 Rc8 21.Qd2 f5 22.Bxg7 Kxg7
23.Qg5 Qb4 24.Nf4 Qxd4+ 25.Kg3 Kf7 26.Rh7+  1-0

[Event "Wichern op"]
[Site "Hamburg"]
[Date "1993.??.??"]
[Round "7"]
[White "Michaelsen, Nils"]
[Black "Giemsa, Stephan"]
[Result "1/2-1/2"]
[WhiteElo "2435"]
[BlackElo "2275"]

1.d4 Nf6 2.c4 g6 3.Nc3 d5 4.cxd5 Nxd5 5.e4 Nxc3 6.bxc3 Bg7 7.Bb5+ c6 8.Ba4 b5
9.Bb3 b4 10.Qf3 O-O 11.Ne2 a5 12.O-O Ba6 13.Rd1 a4 14.Bc2 b3 15.Bd3 Qb6 16.Ba3 Re8
17.e5 Nd7 18.Qe3 Bxd3 19.Rxd3 Qb5 20.c4 Qxc4 21.axb3 axb3 22.Rxb3 c5 23.Rc1  1/2-1/2

[Event "Wichern op"]
[Site "Hamburg"]
[Date "1993.??.??"]
[Round "9"]
[White "Reeh, Oliver"]
[Black "Giemsa, Stephan"]
[Result "1-0"]
[WhiteElo "2435"]
[BlackElo "2275"]

1.d4 Nf6 2.c4 g6 3.Nc3 d5 4.cxd5 Nxd5 5.e4 Nxc3 6.bxc3 Bg7 7.Bb5+ c6 8.Ba4 b5
9.Bb3 b4 10.Qf3 O-O 11.Ne2 a5 12.O-O Ba6 13.Rd1 a4 14.Bc2 b3 15.Bd3 Qb6 16.Ba3 Re8
17.Rab1 Nd7 18.Bxa6 Rxa6 19.Nc1 Qa7 20.axb3 axb3 21.Bb4 c5 22.dxc5 Nxc5 23.Nxb3 Nxb3
24.Rxb3 Ra2 25.Rbb1 Be5 26.g3 h5 27.Rd5 f6 28.Rbd1 Rc8 29.Rd7 Rc7 30.R7d2 Rxd2
31.Rxd2 Qa1+ 32.Rd1 Qb2 33.Qd3 Bd6 34.e5  1-0

[Event "Helsinki-ch"]
[Site "Helsinki"]
[Date "1993.??.??"]
[Round "?"]
[White "Kanko, Ilkka"]
[Black "Ebeling, Mika"]
[Result "1/2-1/2"]
[WhiteElo "2330"]
[BlackElo "2390"]

1.d4 Nf6 2.c4 g6 3.Nc3 d5 4.cxd5 Nxd5 5.e4 Nxc3 6.bxc3 Bg7 7.Bb5+ c6 8.Ba4 O-O
9.Ne2 e5 10.O-O Nd7 11.Ba3 Re8 12.Bb3 exd4 13.Nxd4 Nf8 14.Re1 Ne6 15.Qf3 Ng5
16.Qd3 Ne6 17.Rad1 Nxd4 18.cxd4 Qa5 19.Bb2 Be6 20.Bc3 Qb6 21.d5 cxd5 22.Bxg7 Kxg7
23.exd5 Bg4 24.Qc3+ Kg8 25.Rc1 Bd7 26.Qg3 Qa5 27.Rxe8+ Rxe8 28.h3 Ba4 29.Qc7 Qxc7
30.Rxc7 Bxb3 31.axb3 Rd8 32.Rxb7 Rxd5 33.Rxa7 Rb5 34.Ra3 h5 35.h4 Kg7 36.Kf1 Kh6
37.Ke2 Rb8 38.Kd3 f6 39.Kc3 Rc8+ 40.Kb2 Re8 41.Ra2 Re4 42.Kc3 Rxh4 43.b4 Re4
44.b5 h4 45.b6 Re8 46.b7 Rb8 47.Rb2 g5 48.Kc4 g4 49.Kc5 h3 50.gxh3 gxh3 51.Kc6 Kh5
52.Kc7 h2 53.Rb1 Rxb7+ 54.Kxb7 Kg4 55.Rh1 Kh3 56.Kc6 Kg2 57.Rxh2+ Kxh2 58.Kd5 Kg2
59.Ke6  1/2-1/2

[Event "Heraklio op"]
[Site "Heraklio"]
[Date "1993.??.??"]
[Round "4"]
[White "Khenkin, Igor"]
[Black "Yandemirov, Valeri"]
[Result "1/2-1/2"]
[WhiteElo "2570"]
[BlackElo "2490"]

1.d4 Nf6 2.c4 g6 3.Nc3 d5 4.cxd5 Nxd5 5.e4 Nxc3 6.bxc3 Bg7 7.Bb5+ Nc6 8.Nf3 O-O
9.O-O Na5 10.h3 b6 11.Bg5 Bb7 12.Qe2 c6 13.Ba4 Qd6 14.Bc2 Rfe8 15.e5 Qe6
16.Be4 c5 17.Bxb7 Nxb7 18.Qe4 Nd6 19.Qf4 Nc4 20.Rfe1 cxd4 21.cxd4 b5 22.Qh4 Nb6
23.Bh6 Qf5 24.Ng5 f6 25.exf6 exf6 26.Bxg7 fxg5 27.Qh6 Nd7 28.d5 Ne5 29.Bxe5 Rxe5
30.d6  1/2-1/2

[Event "Heraklio op"]
[Site "Heraklio"]
[Date "1993.??.??"]
[Round "8"]
[White "Atalik, Suat"]
[Black "Yandemirov, Valeri"]
[Result "0-1"]
[WhiteElo "2535"]
[BlackElo "2490"]

1.d4 Nf6 2.c4 g6 3.Nc3 d5 4.cxd5 Nxd5 5.e4 Nxc3 6.bxc3 Bg7 7.Bb5+ Nc6 8.Nf3 O-O
9.Bg5 Na5 10.O-O b6 11.Qd2 c6 12.Be2 Be6 13.Rad1 Qd6 14.Qc2 Bc4 15.Rfe1 Rfe8
16.Bh4 Qa3 17.Bxc4 Nxc4 18.Qb3 Qxb3 19.axb3 Na5 20.Rb1 c5 21.b4 Nc4 22.bxc5 bxc5
23.dxc5 a5 24.e5 f5 25.exf6 exf6 26.Rxe8+ Rxe8 27.Nd4 f5 28.Bg3 Nd2 29.Rd1 Ne4
30.Nb5 Nxc5 31.Nc7 Re2 32.Kf1 Rc2 33.Rd8+ Kf7 34.Bd6 Rd2 35.Nb5 Ne4 36.Ke1 Bxc3
37.Rf8+ Kg7 38.Nxc3 Rxd6 39.Rc8 Nxc3 40.Rxc3 Ra6 41.Rc7+ Kf6 42.Kd2 a4 43.Kc2 a3
44.Kb1 Rb6+ 45.Ka2 Rb2+ 46.Kxa3 Rxf2 47.Rxh7 Rxg2 48.Kb3 Rd2 49.Kc3 Rd6 50.h4 Ke5
51.Re7+ Kf4 52.Rh7 Kg4 53.Rh6 Rd8  0-1

[Event "HUN-chT2"]
[Site "HUN"]
[Date "1993.??.??"]
[Round "?"]
[White "Lengyel, Ferenc"]
[Black "Nemeth, Antal"]
[Result "1/2-1/2"]
[WhiteElo "2285"]
[BlackElo "2315"]

1.d4 Nf6 2.c4 g6 3.Nc3 d5 4.cxd5 Nxd5 5.e4 Nxc3 6.bxc3 Bg7 7.Bc4 c5 8.Ne2 O-O
9.O-O cxd4 10.cxd4 Nc6 11.Be3 Bg4 12.f3 Na5 13.Bd5 Bd7 14.Rb1 a6 15.a4 e6
16.Ba2 Rc8 17.d5 Nc4 18.Bxc4 Rxc4 19.dxe6 Bxe6 20.Qxd8 Rxd8 21.a5 Ra4 22.Rfd1 Rxd1+
23.Rxd1 Ra1 24.Rxa1 Bxa1 25.Bc5 Be5 26.Bb6 Kf8 27.f4 Bb8 28.Kf2 Ke7 29.Ke3 Bc4
30.Nc3 Kd6 31.Kd4 Bb3 32.g3 Ke6 33.e5 Kd7  1/2-1/2

[Event "HUN-chT2"]
[Site "HUN"]
[Date "1993.??.??"]
[Round "?"]
[White "Szabo, Ervin"]
[Black "Csapo, Zoltan"]
[Result "0-1"]
[WhiteElo "2275"]
[BlackElo "2265"]

1.d4 Nf6 2.c4 g6 3.Nc3 d5 4.cxd5 Nxd5 5.e4 Nxc3 6.bxc3 Bg7 7.Bc4 c5 8.Be3 Nc6
9.Ne2 cxd4 10.cxd4 Qa5+ 11.Qd2 Bd7 12.Rb1 b6 13.d5 Qxd2+ 14.Kxd2 Na5 15.Ba6 Bc8
16.Bd3 O-O 17.Rhc1 e6 18.Nc3 f5 19.f3 fxe4 20.fxe4 Bb7 21.dxe6 Rae8 22.Rf1 Rxf1
23.Rxf1 Rxe6 24.Nd5 Rd6 25.Ne7+ Kh8 26.Ke2 Rxd3  0-1

[Event "HUN-chT2"]
[Site "HUN"]
[Date "1993.??.??"]
[Round "?"]
[White "Kladiva, I."]
[Black "Balazs, Imre"]
[Result "0-1"]
[WhiteElo "2100"]
[BlackElo "2205"]

1.d4 Nf6 2.c4 g6 3.Nc3 d5 4.cxd5 Nxd5 5.e4 Nxc3 6.bxc3 Bg7 7.Bc4 c5 8.Ne2 O-O
9.O-O Nc6 10.Be3 Qc7 11.Rc1 Rd8 12.Ng3 e6 13.d5 Ne5 14.Bf4 Qa5 15.Bxe5 Bxe5
16.Qb3 Rd6 17.f4 Bg7 18.Rfd1 e5 19.f5 Bh6 20.Rb1 a6 21.a4 Rb8 22.Ra1 Bf4
23.Qc2 Qd8 24.Rf1 Qh4 25.Rf3 gxf5 26.exf5 Rh6 27.Qe4 Qxh2+ 28.Kf2 Rh4 29.Nf1 Qh1
30.g3 Rh2+ 31.Nxh2 Qxh2+ 32.Kf1 Qh3+ 33.Kf2 Bxf5 34.Qe2 Qh2+ 35.Ke1 Bxg3+
36.Kd1 Bg4 37.Kc1 Qxe2 38.Bxe2 Bxf3 39.Bxf3 Bf4+ 40.Kc2 Kg7 41.Rg1+ Kf6 42.Kd3 b5
43.axb5 axb5 44.Ra1 Rb6 45.Rb1 c4+ 46.Ke4 Bd2 47.Be2 Bxc3 48.Bxc4 b4 49.Rf1+ Kg7
50.Rg1+ Rg6 51.Rxg6+ hxg6 52.d6 f5+ 53.Kd5 Kf8 54.Ke6 Ke8 55.Kd5 g5 56.Kc6 Kd8
57.Be6 f4 58.Kc5 f3 59.Bg4 f2 60.Be2 g4  0-1

[Event "HUN-chT2"]
[Site "HUN"]
[Date "1993.??.??"]
[Round "?"]
[White "Koczka, Zsolt"]
[Black "Horvath, Miklos"]
[Result "0-1"]
[WhiteElo "2280"]
[BlackElo "2250"]

1.d4 Nf6 2.c4 g6 3.Nc3 d5 4.cxd5 Nxd5 5.e4 Nxc3 6.bxc3 Bg7 7.Bc4 c5 8.Ne2 O-O
9.O-O Nc6 10.Be3 cxd4 11.cxd4 b6 12.Rc1 Bb7 13.Qd2 Rc8 14.f3 Qd6 15.d5 Na5
16.Bb5 Rfd8 17.Rxc8 Rxc8 18.Rc1 Rxc1+ 19.Qxc1 e6 20.dxe6 Qxe6 21.Qd2 Bf8
22.Nf4 Qe5 23.Nd5 Bg7 24.g3 h5 25.Kg2 Qb2 26.Qxb2 Bxb2 27.Bd2 f5 28.Bg5 Kf7
29.Kf2 a6 30.Bd3 b5 31.Nb4 Bc3 32.Nd5 Be5 33.Ne3 fxe4 34.fxe4 Nc6 35.Nd5 Bd4+
36.Be3 Bxe3+ 37.Kxe3 Ne5 38.Be2 Ke6 39.Nf4+ Kd6 40.Kd4 Bc8 41.a3 Bg4 42.h3 Bd7
43.g4 hxg4 44.hxg4 a5 45.g5 Be8 46.Nd5 Nc6+ 47.Kc3 Nd8 48.Nf6 Bc6 49.Bd3 Ke5
50.Nd5  0-1

[Event "HUN-chT2"]
[Site "HUN"]
[Date "1993.??.??"]
[Round "?"]
[White "Hevesi, Zoltan"]
[Black "Csapo, Zoltan"]
[Result "1/2-1/2"]
[WhiteElo "2225"]
[BlackElo "2265"]

1.d4 Nf6 2.c4 g6 3.Nc3 d5 4.cxd5 Nxd5 5.e4 Nxc3 6.bxc3 Bg7 7.Bc4 c5 8.Ne2 Nc6
9.Be3 cxd4 10.cxd4 Qa5+ 11.Bd2 Qa3 12.Rb1 O-O 13.O-O Bg4 14.d5 b5 15.Bc1 Qd6
16.Bxb5 Nd4 17.f3 Nxb5 18.Rxb5 Bd7 19.Rb7 Rab8 20.Rxb8 Qc5+ 21.Kh1 Rxb8 22.Bf4 Rb2
23.d6 e5 24.Bg3 Rb6 25.Bf2 Qc6 26.Bxb6 axb6 27.Qd2 Bf6 28.Rc1 Qb5 29.Nc3 Qa5
30.Qe3 Bd8 31.Nd5 Qxa2 32.h3 Kg7 33.Nxb6 Be6 34.Nc8 Qa6 35.Qc3 Bxc8 36.Qxc8 Qxd6
37.Qc5 Qb8 38.Rd1 Bg5 39.Qf2 h5 40.h4 Qb3 41.Rd5 Be3  1/2-1/2

[Event "HUN-chT"]
[Site "HUN"]
[Date "1993.??.??"]
[Round "?"]
[White "Vegh, Endre"]
[Black "Dobos, Jozsef"]
[Result "1/2-1/2"]
[WhiteElo "2385"]
[BlackElo "2340"]

1.d4 Nf6 2.c4 g6 3.Nc3 d5 4.cxd5 Nxd5 5.e4 Nxc3 6.bxc3 Bg7 7.Nf3 O-O 8.Be2 c5
9.Rb1 cxd4 10.cxd4 Qa5+ 11.Qd2 Qxd2+  1/2-1/2

[Event "HUN-chT"]
[Site "HUN"]
[Date "1993.??.??"]
[Round "?"]
[White "Kallai, Gabor"]
[Black "Horvath, Jozsef"]
[Result "1/2-1/2"]
[WhiteElo "2455"]
[BlackElo "2505"]

1.d4 Nf6 2.c4 g6 3.Nc3 d5 4.cxd5 Nxd5 5.e4 Nxc3 6.bxc3 Bg7 7.Bb5+ c6 8.Ba4 b5
9.Bb3 b4 10.Ne2 bxc3 11.Be3 Ba6 12.Rc1 Nd7 13.e5 e6 14.f4 Bxe2 15.Qxe2 Qa5
16.Qc4 Qd5 17.Qxc3 Qxg2 18.Qxc6 Qxc6 19.Rxc6 O-O 20.d5 exd5 21.Bxd5 Nb6 22.Bxb6 axb6
23.Rxb6 Ra4 24.O-O g5 25.Bb3 Rxf4 26.Rxf4 gxf4 27.Rb5 Re8 28.Rb7 Rxe5 29.Rxf7 Kh8
30.Rxf4 Re2  1/2-1/2

[Event "HUN-chT"]
[Site "HUN"]
[Date "1993.??.??"]
[Round "?"]
[White "Kallai, Gabor"]
[Black "Adorjan, Andras"]
[Result "1/2-1/2"]
[WhiteElo "2450"]
[BlackElo "2545"]

1.d4 Nf6 2.c4 g6 3.Nc3 d5 4.cxd5 Nxd5 5.e4 Nxc3 6.bxc3 Bg7 7.Bb5+ c6 8.Ba4 b5
9.Bb3 b4 10.Qf3 O-O 11.Ne2 bxc3 12.h4 h5 13.Qxc3 Bb7 14.Bg5 Na6 15.Rd1 c5
16.O-O cxd4 17.Nxd4 Qb6 18.Bd5 Bxd5 19.exd5 Nb4 20.Qd2 Nxd5 21.Nf5 Rfd8 22.Nxg7 Kxg7
23.Qe2 Rd7 24.Qe5+ f6 25.Rxd5 fxe5 26.Rxd7 Re8 27.Rc1 Qb4 28.Rxa7 Kf7 29.Rcc7 Qe1+
30.Kh2 Qxf2 31.Rxe7+  1/2-1/2

[Event "HUN-chT"]
[Site "HUN"]
[Date "1993.??.??"]
[Round "?"]
[White "Szabolcsi, Janos"]
[Black "Kaposztas, Miklos"]
[Result "1-0"]
[WhiteElo "2380"]
[BlackElo "2280"]

1.d4 Nf6 2.c4 g6 3.Nc3 d5 4.cxd5 Nxd5 5.e4 Nxc3 6.bxc3 Bg7 7.Bb5+ c6 8.Ba4 b5
9.Bb3 b4 10.Qf3 O-O 11.Ne2 bxc3 12.h4 Ba6 13.h5 Bxe2 14.Kxe2 Qxd4 15.hxg6 hxg6
16.Qh3 Qxe4+ 17.Kf1 g5 18.Bxg5 Rd8 19.Qh5 Rd5 20.Bxd5 cxd5 21.Bh6 Qe5 22.Qg4 Nc6
23.Rh5 Qd4 24.Qxg7+ Qxg7 25.Bxg7 Kxg7 26.Rxd5 c2 27.Rd2 Rh8 28.Kg1 Rh6 29.Rxc2 Rd6
30.f3 e5 31.Rb1 Nd8 32.Rb5 Kf6 33.Ra5 a6 34.Re2 Re6 35.Rb2 Rd6 36.Rb3 Rd1+
37.Kh2 Rd6 38.Rba3 Ne6 39.Rxa6 Rd2 40.R3a4 Kf5 41.Rg4 Nd4 42.Kg3 f6 43.Rg8 Rd1
44.Kf2 Rd2+ 45.Ke3 Re2+ 46.Kd3 Rf2 47.Rf8  1-0

[Event "Jakarta Interzonal (Women)"]
[Site "Jakarta"]
[Date "1993.??.??"]
[Round "?"]
[White "Cramling, Pia"]
[Black "Qin Kanying"]
[Result "1-0"]
[WhiteElo "2525"]
[BlackElo "2410"]

1.d4 Nf6 2.c4 g6 3.Nc3 d5 4.cxd5 Nxd5 5.e4 Nxc3 6.bxc3 Bg7 7.Bc4 c5 8.Ne2 O-O
9.O-O Nc6 10.Be3 Bg4 11.f3 Na5 12.Bd3 cxd4 13.cxd4 Be6 14.Rc1 Bxa2 15.Qa4 Be6
16.d5 Bd7 17.Qb4 e6 18.Nc3 exd5 19.Nxd5 Be6 20.Rfd1 Bxd5 21.exd5 Re8 22.Bf2 Bf8
23.Qa4 a6 24.d6 b5 25.Qa2 Bxd6 26.Be4 Rb8 27.Rxd6 Qxd6 28.Qxa5 b4 29.Qa1 Red8
30.Bg3 Qb6+ 31.Bf2 Qd6 32.Bg3 Qb6+ 33.Kh1 b3 34.Qb2 Rbc8 35.Rg1 f5 36.Bb1 a5
37.Bf2 Qe6 38.Re1 Qf7 39.Qa3 Rd2 40.Be3 Rd7 41.Qxa5 Qd5 42.Qb4 Re8 43.Kg1 Rde7
44.Kf2 Re6 45.f4 Rd8 46.Re2 Qd1 47.Qc4 Kf7 48.Re1 Qd5 49.Qc7+ Rd7 50.Qc3 Rd8
51.Qb2 Rde8 52.Re2 Kg8 53.Rd2 Qb7 54.Rd3 Rb8 55.Bd4 Qb4 56.Be5 Qb6+ 57.Bd4 Qb4
58.Be5 Qb6+ 59.Kf1 Rb7 60.Rd4 Rc6 61.Bd3 Ra7 62.Rc4 Rb7 63.Qc3 Rxc4 64.Qxc4+ Kf8
65.Qc8+ Ke7 66.Bb2 Ra7 67.Qh8 Ra2 68.Qxh7+ Kd8 69.Qg8+ Kc7 70.Be5+ Kd7 71.Qf7+ Kd8
72.Qf8+ Kd7 73.Qf7+ Kd8 74.Bf6+ Kc8 75.Qe8+ Kb7 76.Qd7+ Qc7 77.Qd5+ Kc8 78.Qg8+  1-0

[Event "Jakarta Interzonal (Women)"]
[Site "Jakarta"]
[Date "1993.??.??"]
[Round "?"]
[White "Shumiakina, Tatiana"]
[Black "Qin Kanying"]
[Result "1/2-1/2"]
[WhiteElo "2320"]
[BlackElo "2410"]

1.d4 Nf6 2.c4 g6 3.Nc3 d5 4.cxd5 Nxd5 5.e4 Nxc3 6.bxc3 Bg7 7.Bb5+ c6 8.Ba4 b5
9.Bb3 b4 10.Ne2 bxc3 11.Be3 Ba6 12.Rc1 Nd7 13.e5 O-O 14.e6 fxe6 15.O-O Kh8
16.Bxe6 Nc5 17.Bg4 Ne4 18.Bf3 Nd2 19.Bxd2 cxd2 20.Qxd2 Rxf3 21.gxf3 Qd5 22.Rfe1 Qxf3
23.Ng3 Rf8 24.Rxe7 Bh6 25.Qxh6 Qxf2+ 26.Kh1 Qf3+  1/2-1/2

[Event "Katerini GP"]
[Site "Katerini"]
[Date "1993.??.??"]
[Round "2"]
[White "Ibragimov, Ildar"]
[Black "Koerant, Filipos"]
[Result "1-0"]
[WhiteElo "2550"]
[BlackElo "2175"]

1.c4 g6 2.d4 Nf6 3.Nc3 d5 4.cxd5 Nxd5 5.e4 Nxc3 6.bxc3 Bg7 7.Be3 c5 8.Qd2 Qa5
9.Rb1 cxd4 10.cxd4 Qxd2+ 11.Kxd2 O-O 12.Nf3 e6 13.Bd3 Nc6 14.Rhc1 Rd8 15.Rc4 Na5
16.Rc7 Nc6 17.e5 h6 18.Ke2 Bf8 19.Be4 Nb4 20.Bxh6 Na6 21.Bg5 Rxd4 22.Nxd4 Nxc7
23.Rc1 Nd5 24.Bxd5 exd5 25.Rc7 b6 26.Ke3 Bc5 27.Be7 Bxd4+ 28.Kxd4 Be6 29.f3 Kh7
30.h4 Kg7 31.Bf6+ Kh7 32.g4 Kh6 33.Rb7 Kh7 34.f4 Kh6 35.h5 Bxg4 36.Rxf7 gxh5
37.e6 Bxe6 38.Bg5+ Kg6 39.Rf6+ Kg7 40.Rxe6 Rc8 41.f5 h4 42.Re7+ Kg8 43.f6 h3
44.Bh6 h2 45.f7+ Kh8 46.Re1  1-0

[Event "Katowice op"]
[Site "Katowice"]
[Date "1993.??.??"]
[Round "1"]
[White "Slonimskij, Arkadij"]
[Black "Neverov, Valeriy"]
[Result "0-1"]
[WhiteElo "2230"]
[BlackElo "2550"]

1.d4 Nf6 2.c4 g6 3.Nc3 d5 4.cxd5 Nxd5 5.e4 Nxc3 6.bxc3 Bg7 7.Bc4 c5 8.Be3 Qa5
9.Qd2 Nc6 10.Ne2 O-O 11.Rd1 Bd7 12.O-O cxd4 13.cxd4 Qxd2 14.Bxd2 Rfc8 15.Bc3 Nd8
16.Bd3 Bg4 17.f3 Be6 18.Rd2 Rxc3 19.d5 Bd7 20.Nxc3 Bxc3 21.Rc2 Bd4+ 22.Kh1 Kf8
23.Rb1 Rc8 24.Rxc8 Bxc8 25.Rb4 Bc5 26.Rb3 b6 27.Bf1 e6 28.Bc4 exd5 29.Bxd5 Be6
30.Bxe6 Nxe6 31.g3 Ke7 32.Kg2 Nd4 33.Rd3 b5 34.Kf2 b4 35.Ke3 Ne6+ 36.Kd2 a5
37.Rd5 a4 38.Kc2 Bg1 39.h3 Nd4+ 40.Kd3 a3 41.Kc4 b3 42.axb3 Nc6 43.Rd2 Bd4
44.b4 Bb2 45.Kb3 Nxb4 46.Rd1 Nc6 47.Ka2 Nd4 48.f4 Ne2  0-1

[Event "Katowice op"]
[Site "Katowice"]
[Date "1993.??.??"]
[Round "1"]
[White "Urban, Klaudiusz"]
[Black "Swol, Michal"]
[Result "1-0"]
[WhiteElo "2450"]
[BlackElo "2140"]

1.d4 Nf6 2.c4 g6 3.Nc3 d5 4.cxd5 Nxd5 5.e4 Nxc3 6.bxc3 Bg7 7.Bb5+ Bd7 8.Be2 c5
9.Nf3 O-O 10.O-O Nc6 11.Rb1 Qc7 12.h3 a6 13.Bg5 e6 14.d5 Ne5 15.d6 Qc6 16.Be7 Rfe8
17.Nxe5 Bxe5 18.Qd2 b5 19.f4 Bg7 20.e5 c4 21.Qd4 Rac8 22.Bf3 Qc5 23.Qxc5 Rxc5
24.Bh4 f6 25.exf6 Bf8 26.Rbd1 Rf5 27.Bb7 Rb8 28.Be4 Rh5 29.Bf2 b4 30.Ba7 Rbb5
31.cxb4 Rxb4 32.Rd4 Ra5 33.Rc1 Rxa2 34.Rdxc4 Rxc4 35.Rxc4 Rd2 36.Be3 Rxd6
37.g4 Kf7 38.g5 a5 39.Rc7 a4 40.Ra7 a3 41.Kg2 Rd1 42.Bc2 Rd5 43.Ba4 Ke8 44.f7+ Kd8
45.Bxd7 a2 46.Bb6+  1-0

[Event "Katowice op"]
[Site "Katowice"]
[Date "1993.??.??"]
[Round "1"]
[White "Ryskin, Alexander"]
[Black "Michalski, Olaf"]
[Result "1-0"]
[WhiteElo "2505"]
[BlackElo "2215"]

1.d4 Nf6 2.c4 g6 3.Nc3 d5 4.cxd5 Nxd5 5.e4 Nxc3 6.bxc3 Bg7 7.Bb5+ Bd7 8.a4 c6
9.Be2 c5 10.Nf3 cxd4 11.cxd4 Bc6 12.Qd3 f5 13.exf5 Qa5+ 14.Bd2 Qxf5 15.Qxf5 gxf5
16.Rg1 Bd5 17.g4 Nc6 18.gxf5 Bxd4 19.Rc1 Bf6 20.Be3 Rg8 21.Rg3 Kf7 22.Ng5+ Bxg5
23.Bxg5 Rg7 24.Rcc3 Ke8 25.Rce3 Kd7 26.Rd3 Nb4 27.Rd2 Ke8 28.Bh5+ Bf7 29.Bxf7+ Rxf7
30.Bh6 Rf6 31.Rg8+ Kf7 32.Rxa8 Rxh6 33.Rxa7 Rxh2 34.Rxb7 Nc6 35.Rdd7 Rh4
36.Rdc7 Re4+ 37.Kf1 Na5 38.Rb5 Nc4 39.a5 Nd6 40.Rd5 Kf6 41.a6 Ra4 42.a7 h5
43.Kg2 h4 44.Rd4  1-0

[Event "Katowice op"]
[Site "Katowice"]
[Date "1993.??.??"]
[Round "6"]
[White "Twardon, Marian"]
[Black "Jasnikowski, Zbigniew"]
[Result "1-0"]
[WhiteElo "2355"]
[BlackElo "2460"]

1.d4 Nf6 2.c4 g6 3.Nc3 d5 4.cxd5 Nxd5 5.e4 Nxc3 6.bxc3 Bg7 7.Qa4+ Nd7 8.Nf3 c5
9.Be3 O-O 10.Rc1 a6 11.Qa3 b6 12.e5 Bb7 13.h4 b5 14.h5 e6 15.hxg6 hxg6 16.Ng5 Rc8
17.f4 cxd4 18.cxd4 Rxc1+ 19.Bxc1 Qb6 20.Rh8+ Bxh8 21.Qh3  1-0

[Event "Katowice op"]
[Site "Katowice"]
[Date "1993.??.??"]
[Round "6"]
[White "Obsivac, Josef"]
[Black "Beshukov, Sergei"]
[Result "0-1"]
[WhiteElo "2300"]
[BlackElo "2435"]

1.d4 Nf6 2.c4 g6 3.Nc3 d5 4.cxd5 Nxd5 5.e4 Nxc3 6.bxc3 Bg7 7.Bc4 c5 8.Ne2 O-O
9.Be3 Nc6 10.O-O Qc7 11.Rc1 Rd8 12.Qd2 Qa5 13.Rfd1 Ne5 14.Bb3 Bg4 15.Bd5 Qa6
16.dxe5 Bxe2 17.Re1 Bb5 18.Bg5 Rd7 19.c4 Ba4 20.Qf4 e6 21.Bf6 exd5 22.cxd5 Qa5
23.g4 Qc7 24.Bxg7 Kxg7 25.Re3 Re8 26.d6 Qd8 27.Rh3 g5 28.Qf5 h6 29.Rxc5 Re6
30.Rhc3 Bc6 31.Qf3 Qb6 32.Qd3 a6 33.Qc2 Qb4 34.R3c4 Qe1+ 35.Kg2 Qa1 36.Qc1 Qxc1
37.Rxc1 Bxe4+ 38.Kg3 Bc6 39.h4 f6 40.hxg5 fxe5 41.gxh6+ Kxh6  0-1

[Event "Katowice op"]
[Site "Katowice"]
[Date "1993.??.??"]
[Round "8"]
[White "Shipov, Sergei"]
[Black "Schmidt, Wlodzimierz"]
[Result "1/2-1/2"]
[WhiteElo "2490"]
[BlackElo "2425"]

1.d4 Nf6 2.c4 g6 3.Nc3 d5 4.cxd5 Nxd5 5.e4 Nxc3 6.bxc3 Bg7 7.Be3 c5 8.Qd2 Qa5
9.Rb1 a6 10.Rc1 cxd4 11.cxd4 Qxd2+ 12.Kxd2 O-O 13.Bd3 Nc6 14.Ne2 e6 15.Rc4 Bd7
16.h4 Rfc8 17.h5 Bf8 18.hxg6 hxg6 19.Bg5 Be7 20.Bxe7 Nxe7 21.Rxc8+ Rxc8 22.Rb1 Bc6
23.Ke3 Kg7 24.Ng1 b5 25.Nf3 f5 26.Rc1 fxe4 27.Bxe4 Bxe4 28.Rxc8 Nxc8 29.Kxe4 Kf6
30.d5 Nb6 31.dxe6 Kxe6 32.Kd4 Nd7 33.Ng5+ Kd6 34.Ne4+ Kc6 35.f4 a5 36.g4 b4
37.f5 gxf5 38.gxf5 a4 39.Kc4 b3 40.a3 Ne5+ 41.Kb4 b2 42.Nc3 Kd6 43.Kxa4 Nc4  1/2-1/2

[Event "Katowice op"]
[Site "Katowice"]
[Date "1993.??.??"]
[Round "8"]
[White "Wieczorek, Zbigniew"]
[Black "Jasnikowski, Zbigniew"]
[Result "1/2-1/2"]
[WhiteElo "2270"]
[BlackElo "2460"]

1.d4 Nf6 2.c4 g6 3.Nc3 d5 4.cxd5 Nxd5 5.e4 Nxc3 6.bxc3 Bg7 7.Nf3 c5 8.Rb1 O-O
9.Be2 cxd4 10.cxd4 Qa5+ 11.Bd2 Qxa2 12.O-O a5 13.Re1 Nc6 14.Bg5 h6 15.Be3 Nb4
16.Qc1 Kh7 17.Qc5 Qe6 18.Bg5 f6 19.Bd2 Qxe4 20.Bf1 Qc6 21.Bxb4 axb4 22.Rxe7 Qxc5
23.dxc5 Rd8 24.Rxb4 Rd1 25.Rd4 Raa1 26.Rxd1 Rxd1 27.Rc7 Bf5 28.Rxb7 Bd3 29.Nd2 Be2
30.Re7 Bb5 31.g3 Kh8 32.Rb7 Bc6  1/2-1/2

[Event "Katowice op"]
[Site "Katowice"]
[Date "1993.??.??"]
[Round "8"]
[White "Ivanov, Sergey"]
[Black "Beshukov, Sergei"]
[Result "1-0"]
[WhiteElo "2500"]
[BlackElo "2435"]

1.d4 Nf6 2.c4 g6 3.Nc3 d5 4.cxd5 Nxd5 5.e4 Nxc3 6.bxc3 Bg7 7.Nf3 c5 8.Rb1 a6
9.Be2 Qa5 10.O-O Qxa2 11.Bg5 Qa5 12.Qc1 Nd7 13.Rd1 Nf6 14.Ra1 Qc7 15.e5 Ne4
16.Bf4 cxd4 17.Rxd4 Nxc3 18.Bf1 Be6 19.Bh6 O-O 20.Bxg7 Kxg7 21.Rh4 h5 22.Nd4 Nd5
23.Qg5 Qd7 24.Rd1 Rad8 25.Rxh5 Rh8 26.Nxe6+ Qxe6 27.Rxh8 Kxh8 28.Bc4 Qc6
29.Qh6+ Kg8 30.Rd4 g5 31.Qxg5+ Kf8 32.Rh4 Ke8 33.Qg8+ Kd7 34.Qxf7 Kc8 35.h3 Nb6
36.Qe6+ Qxe6 37.Bxe6+ Kb8 38.Rh7 Rd1+ 39.Kh2 Re1 40.f4 Re4 41.Kg3 Nc8 42.Rh8  1-0

[Event "Kecskemet"]
[Site "Kecskemet"]
[Date "1993.??.??"]
[Round "7"]
[White "Groszpeter, Attila"]
[Black "Fogarasi, Tibor"]
[Result "1/2-1/2"]
[WhiteElo "2515"]
[BlackElo "2440"]

1.d4 Nf6 2.c4 g6 3.Nc3 d5 4.cxd5 Nxd5 5.e4 Nxc3 6.bxc3 Bg7 7.Bb5+ c6 8.Ba4 b5
9.Bb3 b4 10.Qf3 O-O 11.Ne2 bxc3 12.h4 h5 13.Qxc3 Bb7 14.e5 Na6 15.Nf4 e6
16.Rh3 c5 17.dxc5 Qc7 18.Bb2 Nxc5 19.Kf1 Qb6 20.Kg1 Rfd8 21.Qe3 Ne4 22.Qxb6 axb6
23.Rd3 Nc5 24.Rxd8+ Rxd8 25.Rd1 Rxd1+ 26.Bxd1 Nd7 27.Nd3 Be4 28.Ba4 Bxd3  1/2-1/2